000
00338nam a22001457a 4500
008
230404b ||||| |||| 00| 0 eng d
020
_a
9781408234303
041
_a
eng
080
_2
FIFTEENTH EDITION
_a
573
082
_a
573LAW
100
_a
16
101
_a
BIOLOGJI
245
_a
DICTIONARY OF BIOLOGY
_c
LAWRENCE.E
942
_2
udc
_c
BK
999
_c
59500
_d
59500